مكتبة جامعة عجلون الوطنية

فهرس بحث المكتبة

الاقتصاد العام للرفاهية : النظرية العامة - الميزانية المالي - المشروعات العامة - الاقتصاد الاجتماعب للرفاهية - السياسات الحكومية التدخلية والرقابية ( القانون الاقتصادي العام) ج1: النظرية العغامة لنشاط الدولة المالي (Record no. 28851)

MARC details
000 -LEADER
fixed length control field 01020nam a2200193Ii 4500
003 - CONTROL NUMBER IDENTIFIER
control field JO-AjNU
008 - FIXED-LENGTH DATA ELEMENTS--GENERAL INFORMATION
fixed length control field 230605s9999||||xx |||||||||||||| ||und||
040 ## - CATALOGING SOURCE
Original cataloging agency JO-AjNU
Language of cataloging ara
Description conventions rda
Transcribing agency JO-AjNU
041 ## - LANGUAGE CODE
Language code of text/sound track or separate title ara
050 14 - LIBRARY OF CONGRESS CALL NUMBER
Classification number HB179. S5488 1993
100 3# - MAIN ENTRY--PERSONAL NAME
Personal name شيحة، مصطفى رشيد,
Relator term author
9 (RLIN) 56541
245 00 - TITLE STATEMENT
Title الاقتصاد العام للرفاهية : النظرية العامة - الميزانية المالي - المشروعات العامة - الاقتصاد الاجتماعب للرفاهية - السياسات الحكومية التدخلية والرقابية ( القانون الاقتصادي العام) ج1: النظرية العغامة لنشاط الدولة المالي
264 31 - PRODUCTION, PUBLICATION, DISTRIBUTION, MANUFACTURE, AND COPYRIGHT NOTICE
Place of production, publication, distribution, manufacture بيروت: الدار الجامعية، 1993
300 ## - PHYSICAL DESCRIPTION
Extent ج1، 729ص
Other physical details يحتوي على ببلوغرافية من 716-729ص
336 ## - CONTENT TYPE
Content type term text
Content type code txt
Source rdacontent
337 ## - MEDIA TYPE
Media type term unmediated
Media type code n
Source rdamedia
338 ## - CARRIER TYPE
Carrier type term volume
Carrier type code nc
Source rdacarrier
650 #4 - SUBJECT ADDED ENTRY--TOPICAL TERM
Topical term or geographic name entry element الاقتصاد - فلسفة 
9 (RLIN) 56542
Holdings
Withdrawn status Lost status Source of classification or shelving scheme Damaged status Not for loan Home library Current library Shelving location Date acquired Total Checkouts Full call number Barcode Date last seen Price effective from Koha item type
    Library of Congress Classification     مكتبة جامعة عجلون الوطنية مكتبة جامعة عجلون الوطنية المجموعات العامة 06/06/2023   HB179. S5488 1993 A25283 06/06/2023 06/06/2023 Books